| 000 | 00654nam a2200157 a 4500 | ||
|---|---|---|---|
| 008 | 161014s1969 ||||||||||||||||| || u | ||
| 050 | _aZ 857.R5 Rho | ||
| 100 | _aMcHarg, Alison | ||
| 245 | 1 | 0 |
_aDirectory of Rhodesian libraries _ccompiled and edited by Alison McHarg and Sally Phillips |
| 260 |
_aHarare (Salisbury) _bNational Archives of Rhodesia _c1969 |
||
| 300 | _a30 pages | ||
| 650 | _aLIBRARIES--AFRICA, SOUTHERN--DIRECTORIES | ||
| 650 | _aLIBRARIES--AFRICA, SUB-SAHARAN--HISTORY | ||
| 700 | _aPhillips, Sally | ||
| 995 |
_FCBU-MAIN LIBRARY (Kitwe) _M1 _UREFERENCE _WOct 14, 2016 _ZReference Collection |
||
| 999 |
_c40243 _d40243 |
||